000 00907cai a22001815a 4500
001 E145666
008 081029u xxk g 000 0 eng d
035 _a(Sirsi) u145666
041 0 _aeng
110 2 _aScotland
_bScottish Government
_95344
245 0 0 _aPublic contracts Scotland
_h[electronic resource]
520 _aWebsite which gives free access to details of contract opportunities in Scotland. Provides information on contracts available with Scottish local authorities, NHS Scotland, the Scottish Government, Agencies and NDPBs, higher and further education and the emergency services. Suppliers can also register to receive free e-mail alerts.
590 _aKA
651 4 _aScotland
_y1999-
690 _aMANAGEMENT-BUSINESS MANAGEMENT-PROCUREMENT
856 4 0 _uhttps://www.publiccontractsscotland.gov.uk/
_zView the website free of charge at www.publiccontractsscotland.gov.uk...
942 _n0
999 _c120714
_d120714